000
00213nam a2200121Ia 4500
100
_a
#N/A
942
_c
BK
654
_a
UBUNTU 10.10
245
_a
LFY Vol 8
260
_b
#N/A
546
_a
ENGLISH
999
_c
19893
_d
19893